000 01038nam a2200265 i 4500
001 92730
003 ES-MaACL
005 20250819050136.0
007 t|
008 050421s2001 sp a |||| | spa d
020 _a84-8459-074-7
080 _a082
245 0 0 _aCiencia y sociedad :
_bla tercera cultura /
_ccoordinadores, Javier Aguado Sobrino, Francisco Mora Teruel, José Mª Segovia de Arana.
260 _aOviedo :
_bNobel,
_c[2001]
300 _a231 p. :
_bil. ;
_c25 cm.
504 _aBibliografía.
594 _aRecoge los textos de las conferencias pronunciadas en el ciclo Ciencia y Sociedad, organizado por la Fundación Santander Central Hispano, celebrado en Madrid entre febrero y abril de 2001
650 0 _aCiencia-
_xAspectos sociales
_9237698
700 1 _aAguado Sobrino, Javier.
_918630
700 1 _aMora Teruel, Francisco.
_982890
700 1 _aSegovia de Arana, José María.
_9105155
710 2 _aFundación Santander Central Hispano.
_94415
852 2 _aBA
_jE-11040
999 _c92730
_d92730